| 000 | 01438nam a22002297a 4500 | ||
|---|---|---|---|
| 005 | 20251029084350.0 | ||
| 008 | s2510 th tha d | ||
| 040 | _aNALT | ||
| 041 | _atha | ||
| 090 |
_aอศ _bด474ส 2510 |
||
| 245 | 0 |
_aสี่เรื่องของพระพุทธศาสนา : _bคำสั่งของพ่อ อโศกมหาราช วิธีสมาทานกรรมฐาน คำถวายทาน. |
|
| 260 |
_aกรุงเทพฯ : _bโรงพิมพ์ไทยหัตถการพิมพ์, _c2510. |
||
| 300 |
_a96 หน้า ; _b _c21 ซม. |
||
| 500 | _aบรรณาการในงานพระราชทานเพลิงศพ พันเอก พระยาดำเกิงรณภพ (ทัด ปัทมานนท์) และฌาปนกิจศพ นางสาวเพี้ยน ปัทมานนท์ ณ เมรุวัดเทพศิรินทราวาส 27 มีนาคม 2510 | ||
| 600 | 1 | 4 |
_925304 _aอโศกมหาราช, _cพระเจ้า |
| 600 | 0 | 4 |
_925303 _aดำเกิงรณภพ (ทัด ปัทมานนท์), _cพระยา, _d2417-2509 |
| 650 | 0 |
_aกรรมฐาน _920255 |
|
| 653 | 4 | _aคำถวายทาน | |
| 850 | _aNALT | ||
| 856 | 4 | 0 | _uhttps://hdl.handle.net/20.500.14156/588998 |
| 942 |
_cRRB _2local |
||
| 999 |
_c23684 _d23684 |
||
| 998 |
_j4612 _k นางสาววัลยา พุ่มต้นวงค์ |
||